The Management of Technology and Innovation (Record no. 347317)
[ view plain ]
| 000 -LEADER | |
|---|---|
| fixed length control field | 00301 a2200109 4500 |
| 090 ## - LOCALLY ASSIGNED LC-TYPE CALL NUMBER (OCLC); LOCAL CALL NUMBER (RLIN) | |
| -- | 4887 |
| -- | 4887 |
| 100 ## - MAIN ENTRY--PERSONAL NAME | |
| Personal name | Margaret A. White |
| 245 ## - TITLE STATEMENT | |
| Title | The Management of Technology and Innovation |
| Remainder of title | a Strategic Approach |
| 250 ## - EDITION STATEMENT | |
| Edition statement | 1st ed |
| 260 ## - PUBLICATION, DISTRIBUTION, ETC. | |
| Place of publication, distribution, etc. | Thomson |
| Name of publisher, distributor, etc. | Australia |
| Date of publication, distribution, etc. | 2007 |
| 942 ## - ADDED ENTRY ELEMENTS (KOHA) | |
| Institution code [OBSOLETE] | NBS |
| Koha item type | Book |
| Call number prefix | 658.514 WHI |
| Withdrawn status | Lost status | Source of classification or shelving scheme | Damaged status | Not for loan | Permanent Location | Current Location | Date acquired | Full call number | Barcode | Date last seen | Price effective from | Koha item type | Public note |
|---|---|---|---|---|---|---|---|---|---|---|---|---|---|
| Write Off | Central Library (CL) | Central Library (CL) | 08/28/2013 | 658.514 WHI | NBS7355 | 08/28/2013 | 08/28/2013 | Book | Write off File No.0908/IRC/NBS Dated Aug 16, 2018 |
